Reference manual for UGC examinations : (Record no. 136895)

MARC details
000 -LEADER
fixed length control field 00739nam a22002177a 4500
005 - DATE AND TIME OF LATEST TRANSACTION
control field 20170124110310.0
010 ## - LIBRARY OF CONGRESS CONTROL NUMBER
LC control number B-217838
020 ## - INTERNATIONAL STANDARD BOOK NUMBER
International Standard Book Number 8188583448
Terms of availability 800.00
035 ## - SYSTEM CONTROL NUMBER
System control number B-217838
037 ## - SOURCE OF ACQUISITION
Source of stock number/acquisition Cen Lib / Ret
040 ## - CATALOGING SOURCE
Original cataloging agency DPL
Language of cataloging EN
082 ## - DEWEY DECIMAL CLASSIFICATION NUMBER
Classification number 330
Item number REF
245 ## - TITLE STATEMENT
Title Reference manual for UGC examinations :
Remainder of title NET, SLET, JRF and other UPSC competitive tests Economics
260 ## - PUBLICATION, DISTRIBUTION, ETC. (IMPRINT)
Place of publication, distribution, etc New Delhi
Name of publisher, distributor, etc Reference Press
Date of publication, distribution, etc 2004
270 ## - ADDRESS
Address 4831/24 Ansari Road Darya Ganj
City New Delhi
Postal code 110002
300 ## - PHYSICAL DESCRIPTION
Extent 437p
Other physical details 24cm(Hb)
650 ## - SUBJECT ADDED ENTRY--TOPICAL TERM
Topical term or geographic name as entry element Economics -- Examinations -- Study guides.
650 ## - SUBJECT ADDED ENTRY--TOPICAL TERM
Topical term or geographic name as entry element Economics-- Examinations, questions, etc.
650 ## - SUBJECT ADDED ENTRY--TOPICAL TERM
Topical term or geographic name as entry element Examinations -- India -- Study guides.
942 ## - ADDED ENTRY ELEMENTS (KOHA)
Source of classification or shelving scheme Dewey Decimal Classification
Koha item type English Books
Classification part 330
Call number suffix REF
Holdings
Withdrawn status Lost status Damaged status Not for loan Home library Current library Date acquired Source of acquisition Cost, normal purchase price Total Checkouts Full call number Barcode Date last seen Copy number Cost, replacement price Price effective from Koha item type
        Central Library Central Library 11/03/2016 Cen Lib/Ret 800.00   330 REF B-217838 11/03/2016 1 800.00 11/03/2016 English Books

© Delhi Public Library
Hit Counter
free hit counter